000 00592nam a22002413 4500
999 _c9264
_d9264
001 475520187
003 OCoLC
005 20210111152408.0
008 091208s1983 cau 000 0 eng d
020 _a0940232103
020 _a9780940232105
035 _a(OCoLC)475520187
040 _aCIRBC
_cCIRBC
092 _a234.8
_bM4788
100 1 _aMcDonough, Mary
245 0 0 _aDivine life /
_cMary McDonough.
250 _aAbrg. ed.
260 _aGoleta, CA :
_bChristian Books,
_cc1982
300 _a126 p. ;
_c20 cm.
650 0 0 _aGod.
650 0 0 _aSanctification.
942 _2ddc
_cBK